Dictionary of famous quotations (Record no. 33234)

MARC details
000 -LEADER
fixed length control field 00279nam a2200109Ia 4500
082 ## - DEWEY DECIMAL CLASSIFICATION NUMBER
Classification number 8(082.2)
Item number HYM
245 #0 - TITLE STATEMENT
Title Dictionary of famous quotations
260 ## - PUBLICATION, DISTRIBUTION, ETC. (IMPRINT)
Place of publication London
Name of publisher Bell and Hyman
Year of publication 1962
700 ## - ADDED ENTRY--PERSONAL NAME
Personal name Hyman, Robin
942 ## - ADDED ENTRY ELEMENTS (KOHA)
Koha item type Books
Holdings
Withdrawn status Lost status Damaged status Not for loan Home library Current library Date acquired Cost, normal purchase price Full call number Accession Number Koha item type
        RRII Library RRII Library 16/12/2021 75.00 8(082.2) HYM 13734 Books